| 000 | 00797nam a2200253 i 4500 | ||
|---|---|---|---|
| 001 | 33344 | ||
| 003 | ES-MaACL | ||
| 005 | 20240508152846.0 | ||
| 007 | t| | ||
| 008 | 030202s1977 sp ||||1| spa d | ||
| 020 | _a84-309-0735-1 | ||
| 080 | _a171 | ||
| 100 | 1 |
_aBesteiro, Julián, _d1870-1940 _928619 |
|
| 245 | 1 | 4 |
_aLos juicios sintéticos "a priori" desde el punto de vista lógico / _cJulián Besteiro ; prólogo de E. Tierno Galván. |
| 260 |
_aMadrid : _bTecnos, _c[1977] |
||
| 300 |
_a108 p., 1 lám. ; _c20 cm. |
||
| 490 | 1 | _aVentana abierta | |
| 650 | 4 |
_aJuicio (Lógica) _914026 |
|
| 650 | 4 |
_aA priori. _9159005 |
|
| 700 | 1 |
_aTierno Galván, Enrique, _d1918-1986 _9110235 |
|
| 830 | 1 |
_aVentana abierta _9179022 |
|
| 852 | 4 |
_aES-MaACL _jA-7629 |
|
| 999 |
_c33344 _d33344 |
||